[Event "Titled Tuesday 2024.08.13 Late"]
[Site "chess.com INT"]
[Date "2024.08.13"]
[Round "3"]
[White "Zhigalko, S."]
[Black "Le Quang Long"]
[Result "1/2-1/2"]
[WhiteElo "2572"]
[BlackElo "2380"]
[PlyCount "94"]
[GameId "2130307540017950"]
[EventDate "2024.08.13"]
[EventType "swiss (blitz)"]
[EventRounds "11"]
[EventCountry "NET"]
[SourceTitle "The Week in Chess 1554"]
[Source "Mark Crowther"]
[SourceDate "2024.08.19"]
[SourceVersion "2"]
[SourceVersionDate "2024.08.19"]
[SourceQuality "2"]

1. e4 c6 2. d4 d5 3. e5 Bf5 4. Nf3 e6 5. Be2 Nd7 6. O-O h6 7. Nbd2 Ne7 8. Nb3 Bh7 9. Ne1 Nf5 10. Nd3 Be7 11. c3 O-O 12. g4 Nh4 13. Be3 f5 14. Nf4 Kf7 15. Bd3 g5 16. Ng2 Nxg2 17. Kxg2 Kg7 18. f4 gxf4 19. Bxf4 Bg5 20. Bg3 f4 21. Bxh7 Kxh7 22. Bf2 Qe7 23. Qf3 Rf7 24. Nd2 Nf8 25. Qd3+ Ng6 26. Nf3 Kg7 27. Rh1 Bh4 28. Qd2 Rh8 29. Qe1 Bxf2 30. Qxf2 h5 31. h3 Kf8 32. Rag1 hxg4 33. hxg4 Rfh7 34. Rxh7 Qxh7 35. Kf1 Qh3+ 36. Qg2 Ke7 37. Qxh3 Rxh3 38. Kg2 Rg3+ 39. Kf2 Rh3 40. Kg2 Rg3+ 41. Kf2 Rh3 42. b4 b6 43. a4 Kd7 44. Kg2 Rg3+ 45. Kf2 Rh3 46. Kg2 Rg3+ 47. Kf2 Rh3 1/2-1/2

[Event "Titled Tuesday 2024.08.13 Late"]
[Site "chess.com INT"]
[Date "2024.08.13"]
[Round "4"]
[White "Kukhmazov, A."]
[Black "Le Quang Long"]
[Result "0-1"]
[WhiteElo "2480"]
[BlackElo "2380"]
[PlyCount "84"]
[GameId "2130307540017978"]
[EventDate "2024.08.13"]
[EventType "swiss (blitz)"]
[EventRounds "11"]
[EventCountry "NET"]
[SourceTitle "The Week in Chess 1554"]
[Source "Mark Crowther"]
[SourceDate "2024.08.19"]
[SourceVersion "2"]
[SourceVersionDate "2024.08.19"]
[SourceQuality "2"]

1. d4 Nf6 2. c4 e6 3. Nf3 c5 4. d5 exd5 5. cxd5 d6 6. Nc3 g6 7. Bf4 Bg7 8. Qa4+ Bd7 9. Qb3 b5 10. Bxd6 Qb6 11. Be5 O-O 12. e3 c4 13. Qd1 Rc8 14. a3 Na6 15. Be2 Nc5 16. Nd4 a5 17. O-O b4 18. axb4 axb4 19. Rxa8 Rxa8 20. Nb1 Ba4 21. Qc1 Nd3 22. Bxd3 cxd3 23. Nd2 Bc2 24. b3 Qc5 25. Bxf6 Bxf6 26. Ne4 Qe7 27. Nxf6+ Qxf6 28. Qd2 Qd6 29. Nxc2 dxc2 30. Qxc2 Qxd5 31. Rd1 Qe6 32. h4 Ra3 33. Rd8+ Kg7 34. Qb2+ Kh6 35. Rd3 f6 36. g3 Qa6 37. Qd4 Ra1+ 38. Kg2 Qc6+ 39. e4 Re1 40. Qd5 Qc1 41. Kf3 Rg1 42. Rd1 Rxd1 0-1

[Event "Titled Tuesday 2024.08.13 Late"]
[Site "chess.com INT"]
[Date "2024.08.13"]
[Round "5"]
[White "Le Quang Long"]
[Black "Hong, Andrew"]
[Result "0-1"]
[WhiteElo "2380"]
[BlackElo "2572"]
[PlyCount "78"]
[GameId "2130307540022144"]
[EventDate "2024.08.13"]
[EventType "swiss (blitz)"]
[EventRounds "11"]
[EventCountry "NET"]
[SourceTitle "The Week in Chess 1554"]
[Source "Mark Crowther"]
[SourceDate "2024.08.19"]
[SourceVersion "2"]
[SourceVersionDate "2024.08.19"]
[SourceQuality "2"]

1. Nf3 d6 2. g3 Bd7 3. c4 g6 4. Bg2 Qc8 5. Qb3 Nc6 6. O-O Bg7 7. Rd1 h5 8. h4 Nh6 9. d4 Nf5 10. e3 e5 11. d5 Nce7 12. Nc3 O-O 13. Qa3 b6 14. Bd2 Nh6 15. b4 a5 16. bxa5 Rxa5 17. Qb3 Ra8 18. a4 Bh3 19. Bh1 Qf5 20. Nb5 Ng4 21. e4 Qxe4 22. Ng5 Qf5 23. Nxh3 e4 24. Bc3 e3 25. fxe3 Bh6 26. Bd4 Qd7 27. Nf4 Nf5 28. Bb2 Nxg3 29. Qc3 Kh7 30. Bf3 Rae8 31. Re1 Qd8 32. Ng2 Ne5 33. Nd4 Qd7 34. Qc2 Qh3 35. Kf2 Nxf3 36. Nxf3 Ne4+ 37. Kg1 Qxf3 38. Rf1 Bxe3+ 39. Kh2 Qg3+ 0-1

[Event "Titled Tuesday 2024.08.13 Late"]
[Site "chess.com INT"]
[Date "2024.08.13"]
[Round "6"]
[White "Le Quang Long"]
[Black "Luba, L."]
[Result "1-0"]
[WhiteElo "2380"]
[BlackElo "2068"]
[PlyCount "67"]
[GameId "2130307540022193"]
[EventDate "2024.08.13"]
[EventType "swiss (blitz)"]
[EventRounds "11"]
[EventCountry "NET"]
[SourceTitle "The Week in Chess 1554"]
[Source "Mark Crowther"]
[SourceDate "2024.08.19"]
[SourceVersion "2"]
[SourceVersionDate "2024.08.19"]
[SourceQuality "2"]

1. Nf3 d5 2. g3 c6 3. Bg2 Bg4 4. c4 e6 5. cxd5 exd5 6. O-O h5 7. d3 Be7 8. e4 h4 9. Qb3 hxg3 10. fxg3 Qb6+ 11. Qxb6 axb6 12. exd5 cxd5 13. Nc3 Nf6 14. Ne5 Be6 15. Be3 Bc5 16. d4 Bd6 17. Nb5 Ke7 18. Nxd6 Kxd6 19. Rac1 Nc6 20. Bf4 Nh5 21. Nxf7+ Kd7 22. Nxh8 Nxf4 23. Rxf4 Rxh8 24. a3 Na5 25. Bf1 Nb3 26. Bb5+ Kd6 27. Rd1 Rc8 28. h4 Rc2 29. Rf2 Rc8 30. Be2 g5 31. Rf6 gxh4 32. Rxe6+ Kxe6 33. Bg4+ Kf6 34. Bxc8 1-0

[Event "Titled Tuesday 2024.08.13 Late"]
[Site "chess.com INT"]
[Date "2024.08.13"]
[Round "7"]
[White "Bacrot, E."]
[Black "Le Quang Long"]
[Result "1-0"]
[WhiteElo "2677"]
[BlackElo "2380"]
[PlyCount "141"]
[GameId "2130307540022223"]
[EventDate "2024.08.13"]
[EventType "swiss (blitz)"]
[EventRounds "11"]
[EventCountry "NET"]
[SourceTitle "The Week in Chess 1554"]
[Source "Mark Crowther"]
[SourceDate "2024.08.19"]
[SourceVersion "2"]
[SourceVersionDate "2024.08.19"]
[SourceQuality "2"]

1. e4 c6 2. d4 d5 3. exd5 cxd5 4. Nf3 Nc6 5. Bd3 Nf6 6. c3 Bg4 7. Bf4 e6 8. Nbd2 Bd6 9. Bxd6 Qxd6 10. h3 Bh5 11. Qb3 O-O 12. O-O Rab8 13. a4 b6 14. Rfe1 Nd7 15. Re3 Rfe8 16. Rae1 Rbc8 17. Ba6 Rb8 18. Bb5 Rbc8 19. Nf1 Bg6 20. Ng3 Na5 21. Qd1 Nc4 22. R3e2 h6 23. b3 Na3 24. Bxd7 Qxd7 25. Ne5 Qd6 26. Nxg6 fxg6 27. Qd3 Kf7 28. Ra2 b5 29. axb5 a6 30. bxa6 Rc6 31. c4 Rxa6 32. cxd5 exd5 33. Qf3+ Qf6 34. Qxd5+ Ree6 35. Rxe6 Qxe6 36. Qxe6+ Kxe6 37. Ne2 Ra7 38. Nf4+ Kf5 39. g3 g5 40. Nd5 Ke4 41. Ne3 Nb5 42. Rxa7 Nxa7 43. d5 Nb5 44. Kf1 Kd4 45. Ke2 Kc3 46. Nf5 Kxb3 47. d6 Nc3+ 48. Kd3 Na4 49. Kd4 Nb6 50. Nxg7 Kc2 51. Nf5 h5 52. h4 gxh4 53. Nxh4 Kd2 54. f4 Ke2 55. f5 Nd7 56. Ng6 Kf2 57. Ne5 Nf6 58. d7 Nxd7 59. Nxd7 Kxg3 60. f6 h4 61. f7 h3 62. f8=Q h2 63. Qg7+ Kf2 64. Qh6 Kg1 65. Qg5+ Kh1 66. Qc1+ Kg2 67. Qd2+ Kh1 68. Qe1+ Kg2 69. Qe2+ Kg1 70. Ne5 Kh1 71. Qf1# 1-0

[Event "Titled Tuesday 2024.08.13 Late"]
[Site "chess.com INT"]
[Date "2024.08.13"]
[Round "8"]
[White "Le Quang Long"]
[Black "Claverie, C."]
[Result "1-0"]
[WhiteElo "2380"]
[BlackElo "2335"]
[PlyCount "79"]
[GameId "2130307540026384"]
[EventDate "2024.08.13"]
[EventType "swiss (blitz)"]
[EventRounds "11"]
[EventCountry "NET"]
[SourceTitle "The Week in Chess 1554"]
[Source "Mark Crowther"]
[SourceDate "2024.08.19"]
[SourceVersion "2"]
[SourceVersionDate "2024.08.19"]
[SourceQuality "2"]

1. Nf3 Nf6 2. g3 g6 3. Bg2 Bg7 4. c4 O-O 5. O-O c6 6. d4 d6 7. Nc3 Qa5 8. e4 Bg4 9. h3 Bxf3 10. Bxf3 e5 11. d5 cxd5 12. cxd5 Nbd7 13. Be3 Rfc8 14. Qd2 Nb6 15. Be2 Nc4 16. Bxc4 Rxc4 17. Qd3 Rac8 18. Rfc1 b5 19. a3 a6 20. Kg2 h5 21. f3 Nd7 22. Na2 Bf6 23. Nb4 Rxc1 24. Rxc1 Rxc1 25. Bxc1 Nc5 26. Qc2 Qc7 27. Be3 a5 28. Nc6 Be7 29. b4 axb4 30. axb4 Na4 31. Qd3 Kg7 32. Qxb5 Nc3 33. Qc4 Na4 34. Nxe5 Qb7 35. Nc6 Bf6 36. b5 h4 37. gxh4 Bxh4 38. Bd4+ Kh7 39. b6 Be1 40. Qxa4 1-0

[Event "Titled Tuesday 2024.08.13 Late"]
[Site "chess.com INT"]
[Date "2024.08.13"]
[Round "9"]
[White "Maksimovic, Bojan"]
[Black "Le Quang Long"]
[Result "1-0"]
[WhiteElo "2499"]
[BlackElo "2380"]
[PlyCount "87"]
[GameId "2130307540026424"]
[EventDate "2024.08.13"]
[EventType "swiss (blitz)"]
[EventRounds "11"]
[EventCountry "NET"]
[SourceTitle "The Week in Chess 1554"]
[Source "Mark Crowther"]
[SourceDate "2024.08.19"]
[SourceVersion "2"]
[SourceVersionDate "2024.08.19"]
[SourceQuality "2"]

1. d4 Nf6 2. Bg5 c5 3. Bxf6 gxf6 4. d5 b5 5. e3 Qb6 6. g3 Bb7 7. Bg2 f5 8. Ne2 Bg7 9. c3 d6 10. O-O Nd7 11. Nf4 Ne5 12. Nd2 c4 13. Qc2 Bc8 14. Bh3 e6 15. dxe6 fxe6 16. e4 O-O 17. exf5 exf5 18. Bg2 Rb8 19. Nd5 Qd8 20. a4 a6 21. axb5 axb5 22. Ra7 Bb7 23. Rfa1 Kh8 24. Nf1 Nd3 25. Nfe3 f4 26. Nxf4 Rxf4 27. gxf4 Bxg2 28. Nxg2 Qb6 29. Ra8 Bh6 30. Qe2 Bf8 31. Qe3 Qb7 32. R1a7 Rxa8 33. Rxb7 Ra1+ 34. Ne1 Rxe1+ 35. Qxe1 Nxe1 36. Rxb5 Nd3 37. f5 Kg7 38. Kg2 Kf6 39. Kf3 Bh6 40. Ke4 Nxf2+ 41. Kd5 Bf4 42. h4 h5 43. Kxc4 Bg3 44. Kd5 1-0

[Event "Titled Tuesday 2024.08.13 Late"]
[Site "chess.com INT"]
[Date "2024.08.13"]
[Round "10"]
[White "Terletsky, O."]
[Black "Le Quang Long"]
[Result "0-1"]
[WhiteElo "2160"]
[BlackElo "2380"]
[PlyCount "88"]
[GameId "2130307540030562"]
[EventDate "2024.08.13"]
[EventType "swiss (blitz)"]
[EventRounds "11"]
[EventCountry "NET"]
[SourceTitle "The Week in Chess 1554"]
[Source "Mark Crowther"]
[SourceDate "2024.08.19"]
[SourceVersion "2"]
[SourceVersionDate "2024.08.19"]
[SourceQuality "2"]

1. e4 c6 2. d4 d5 3. Nc3 a6 4. Nf3 Bg4 5. Be2 Bxf3 6. Bxf3 e6 7. O-O Nf6 8. Re1 Be7 9. Bf4 O-O 10. a4 a5 11. Qd3 Na6 12. Rad1 Qb6 13. Bg5 Rfe8 14. e5 Nd7 15. Bxe7 Rxe7 16. b3 Nb4 17. Qd2 c5 18. Nb5 cxd4 19. Nxd4 Nc5 20. Nb5 Nc6 21. h4 h6 22. Qf4 Rf8 23. Qg3 Nb4 24. Re2 f6 25. exf6 Rxf6 26. Rd4 Nc6 27. Rf4 Rxf4 28. Qxf4 Qd8 29. Qd6 Qxd6 30. Nxd6 Nd4 31. Rd2 Nxf3+ 32. gxf3 Rd7 33. Nb5 e5 34. Nc3 d4 35. Ne4 Ne6 36. c3 dxc3 37. Rxd7 c2 38. Re7 c1=Q+ 39. Kh2 Qf4+ 40. Kg2 Qf5 41. Re8+ Kh7 42. Nd6 Nf4+ 43. Kg1 Qg6+ 44. Kf1 Qb1# 0-1

[Event "Titled Tuesday 2024.08.13 Late"]
[Site "chess.com INT"]
[Date "2024.08.13"]
[Round "11"]
[White "Le Quang Long"]
[Black "Lymar, Vladislav"]
[Result "1-0"]
[WhiteElo "2380"]
[BlackElo "2184"]
[PlyCount "67"]
[GameId "2130307540030584"]
[EventDate "2024.08.13"]
[EventType "swiss (blitz)"]
[EventRounds "11"]
[EventCountry "NET"]
[SourceTitle "The Week in Chess 1554"]
[Source "Mark Crowther"]
[SourceDate "2024.08.19"]
[SourceVersion "2"]
[SourceVersionDate "2024.08.19"]
[SourceQuality "2"]

1. Nf3 d5 2. g3 c5 3. Bg2 Nc6 4. c4 e6 5. cxd5 exd5 6. d4 Nf6 7. O-O Be7 8. Nc3 O-O 9. dxc5 Bxc5 10. Bg5 d4 11. Na4 Be7 12. Rc1 Bg4 13. h3 Bh5 14. Qb3 Ne4 15. Bf4 Qd7 16. Rfd1 Rac8 17. Qb5 Bxf3 18. Bxf3 f5 19. h4 Kh8 20. e3 Bf6 21. exd4 Bxd4 22. Be3 Rcd8 23. Rc4 Nxg3 24. Rcxd4 Nxd4 25. Qxd7 Nxf3+ 26. Kg2 Rxd7 27. Rxd7 f4 28. Bc5 Nxh4+ 29. Kh3 Re8 30. fxg3 Ng6 31. Bd4 b5 32. Nc3 fxg3 33. Rxg7 Nf4+ 34. Kg4 1-0

[Event "Titled Tuesday 2024.07.30 Early"]
[Site "chess.com INT"]
[Date "2024.07.30"]
[Round "2"]
[White "Le Quang Long"]
[Black "Seder, Mohammed"]
[Result "0-1"]
[WhiteElo "2380"]
[BlackElo "2077"]
[PlyCount "66"]
[GameId "2130307540725782"]
[EventDate "2024.07.30"]
[EventType "swiss (blitz)"]
[EventRounds "11"]
[EventCountry "NET"]
[SourceTitle "The Week in Chess 1552"]
[Source "Mark Crowther"]
[SourceDate "2024.08.05"]
[SourceVersion "1"]
[SourceVersionDate "2024.08.05"]
[SourceQuality "2"]

1. d4 d5 2. c4 c6 3. Nf3 Nf6 4. Nc3 e6 5. Bg5 dxc4 6. e4 b5 7. e5 h6 8. Bh4 g5 9. Nxg5 hxg5 10. Bxg5 Nbd7 11. exf6 Bh6 12. Bxh6 Rxh6 13. Qf3 Bb7 14. Nxb5 cxb5 15. Qxb7 Qa5+ 16. Kd1 Rb8 17. Qe4 Nxf6 18. Qf4 Rd8 19. Qxh6 Rxd4+ 20. Kc2 Qa4+ 21. Kc3 Rf4 22. Be2 Ne4+ 23. Kd4 Ng3+ 24. Ke3 Nf5+ 25. Kxf4 Nxh6 26. Kg5 Nf5 27. Rhd1 Qc2 28. Bf3 Qxf2 29. Kf6 Qh4+ 30. Ke5 Qxh2+ 31. Kf6 Qh8+ 32. Kg5 Qh6+ 33. Kg4 Qh4# 0-1

[Event "Titled Tuesday 2024.07.30 Early"]
[Site "chess.com INT"]
[Date "2024.07.30"]
[Round "3"]
[White "Nathan, Krishna"]
[Black "Le Quang Long"]
[Result "0-1"]
[WhiteElo "2028"]
[BlackElo "2380"]
[PlyCount "48"]
[GameId "2130307540729984"]
[EventDate "2024.07.30"]
[EventType "swiss (blitz)"]
[EventRounds "11"]
[EventCountry "NET"]
[SourceTitle "The Week in Chess 1552"]
[Source "Mark Crowther"]
[SourceDate "2024.08.05"]
[SourceVersion "1"]
[SourceVersionDate "2024.08.05"]
[SourceQuality "2"]

1. e4 c5 2. Nf3 d6 3. d4 cxd4 4. Nxd4 Nf6 5. Nc3 a6 6. Be3 e5 7. Nf3 Be6 8. Ng5 Qc7 9. Nxe6 fxe6 10. a4 Be7 11. Be2 O-O 12. O-O Nbd7 13. f4 exf4 14. Bxf4 Qb6+ 15. Kh1 Qxb2 16. Rf3 Qb6 17. Bc4 Nc5 18. Be3 Qc6 19. Bxc5 dxc5 20. e5 Nd7 21. Nd5 Bg5 22. Rxf8+ Rxf8 23. Nc7 Nxe5 24. Bxe6+ Kh8 0-1

[Event "Titled Tuesday 2024.07.30 Early"]
[Site "chess.com INT"]
[Date "2024.07.30"]
[Round "4"]
[White "Le Quang Long"]
[Black "Wilk, Igor"]
[Result "1-0"]
[WhiteElo "2380"]
[BlackElo "2153"]
[PlyCount "41"]
[GameId "2130307540734167"]
[EventDate "2024.07.30"]
[EventType "swiss (blitz)"]
[EventRounds "11"]
[EventCountry "NET"]
[SourceTitle "The Week in Chess 1552"]
[Source "Mark Crowther"]
[SourceDate "2024.08.05"]
[SourceVersion "1"]
[SourceVersionDate "2024.08.05"]
[SourceQuality "2"]

1. Nf3 Nf6 2. c4 b6 3. g3 Bb7 4. Bg2 e6 5. O-O Be7 6. b3 O-O 7. Bb2 d6 8. d4 Nbd7 9. Nc3 Ne4 10. Qc2 f5 11. Rfd1 Qe8 12. Nb5 Bd8 13. a4 a6 14. Nc3 a5 15. Nb5 Ndf6 16. Rac1 Qg6 17. Ba3 h6 18. Ne1 Kh7 19. Nd3 Qf7 20. f3 Ng5 21. h4 1-0

[Event "Titled Tuesday 2024.07.30 Early"]
[Site "chess.com INT"]
[Date "2024.07.30"]
[Round "5"]
[White "Stojanovski, Sa"]
[Black "Le Quang Long"]
[Result "0-1"]
[WhiteElo "2169"]
[BlackElo "2380"]
[PlyCount "68"]
[GameId "2130307540738379"]
[EventDate "2024.07.30"]
[EventType "swiss (blitz)"]
[EventRounds "11"]
[EventCountry "NET"]
[SourceTitle "The Week in Chess 1552"]
[Source "Mark Crowther"]
[SourceDate "2024.08.05"]
[SourceVersion "1"]
[SourceVersionDate "2024.08.05"]
[SourceQuality "2"]

1. d3 d5 2. Nf3 Nf6 3. g3 c5 4. Bg2 Nc6 5. O-O Bg4 6. c4 d4 7. a3 a5 8. Qa4 Bd7 9. Qc2 e5 10. e3 Be7 11. exd4 exd4 12. Bf4 O-O 13. Ne5 Nxe5 14. Bxe5 Qb6 15. Bxf6 Bxf6 16. Nd2 g6 17. Rfe1 Rfe8 18. Qb3 Ra6 19. Bxb7 Qxb3 20. Nxb3 Rb6 21. Nxc5 Rxe1+ 22. Rxe1 Bf5 23. Be4 Rxb2 24. Bxf5 gxf5 25. Nd7 Kg7 26. Rc1 Bd8 27. c5 Rb3 28. c6 Rc3 29. Rxc3 dxc3 30. Nc5 a4 31. d4 c2 32. Nd3 Kf6 33. Kf1 Ke6 34. Ke2 Ba5 0-1

[Event "Titled Tuesday 2024.07.30 Early"]
[Site "chess.com INT"]
[Date "2024.07.30"]
[Round "6"]
[White "Le Quang Long"]
[Black "Bauml, Broderick Kenneth"]
[Result "1-0"]
[WhiteElo "2380"]
[BlackElo "2024"]
[PlyCount "91"]
[GameId "2130307540738438"]
[EventDate "2024.07.30"]
[EventType "swiss (blitz)"]
[EventRounds "11"]
[EventCountry "NET"]
[SourceTitle "The Week in Chess 1552"]
[Source "Mark Crowther"]
[SourceDate "2024.08.05"]
[SourceVersion "1"]
[SourceVersionDate "2024.08.05"]
[SourceQuality "2"]

1. c4 c5 2. g3 g6 3. Bg2 Bg7 4. Nc3 Nc6 5. Nh3 d6 6. Nf4 Nf6 7. O-O O-O 8. e3 e5 9. Nfd5 Nxd5 10. Nxd5 Ne7 11. Nc3 Be6 12. b3 d5 13. cxd5 Nxd5 14. Ba3 Nxc3 15. dxc3 Qa5 16. Qc1 Rad8 17. Bxb7 Rd3 18. Bb2 Rfd8 19. c4 Bg4 20. Bd5 R8xd5 21. cxd5 Bf3 22. Qc4 Rxd5 23. e4 Rd6 24. Rfe1 g5 25. Qc3 Qxc3 26. Bxc3 g4 27. Rac1 Bh6 28. Rc2 Rd3 29. Bxe5 Bd2 30. Rxc5 f6 31. Rb1 fxe5 32. Rxe5 Bc3 33. Re7 Rd2 34. Rxa7 Bd4 35. Ra8+ Kg7 36. Rf1 Bxe4 37. Re8 Bf3 38. Re7+ Kf6 39. Rxh7 Rxa2 40. h3 gxh3 41. Rxh3 Kf5 42. Rh4 Ba7 43. Rf4+ Kg5 44. Rxf3 Kg4 45. Rf4+ Kh3 46. Rh4# 1-0

[Event "Titled Tuesday 2024.07.30 Early"]
[Site "chess.com INT"]
[Date "2024.07.30"]
[Round "8"]
[White "Le Quang Long"]
[Black "Lianes Garcia, Marcos"]
[Result "0-1"]
[WhiteElo "2380"]
[BlackElo "2405"]
[PlyCount "114"]
[GameId "2130307540746787"]
[EventDate "2024.07.30"]
[EventType "swiss (blitz)"]
[EventRounds "11"]
[EventCountry "NET"]
[SourceTitle "The Week in Chess 1552"]
[Source "Mark Crowther"]
[SourceDate "2024.08.05"]
[SourceVersion "1"]
[SourceVersionDate "2024.08.05"]
[SourceQuality "2"]

1. c4 g6 2. g3 Bg7 3. Bg2 e5 4. Nc3 Ne7 5. Nf3 c6 6. d4 exd4 7. Nxd4 d5 8. cxd5 Nxd5 9. Nxd5 cxd5 10. O-O O-O 11. Nb5 Be6 12. Bf4 Nc6 13. Nc7 Rc8 14. Nxd5 Bxb2 15. Rb1 Bd4 16. e4 b6 17. Rc1 Bg7 18. Qa4 Bd7 19. Rfd1 Nd4 20. Rxc8 Bxa4 21. Rxd8 Rxd8 22. Rd2 Bb5 23. Bg5 Rd7 24. Kh1 Kh8 25. Bf6 Ne6 26. Bxg7+ Kxg7 27. Rc2 Nc5 28. f3 f5 29. Kg1 fxe4 30. fxe4 Bd3 31. Rf2 Bxe4 32. Nc3 Bxg2 33. Kxg2 Rf7 34. Rd2 Re7 35. Nb5 a6 36. Nd4 Rd7 37. Ne6+ Kf6 38. Rxd7 Nxd7 39. Nc7 a5 40. Kf3 Ke5 41. Kg4 h6 42. h4 Nf6+ 43. Kf3 g5 44. hxg5 hxg5 45. Na8 g4+ 46. Ke3 Nd5+ 47. Kd3 Kd6 48. Kd4 Kc6 49. a4 Kd6 50. Kc4 Kc6 51. Kd4 Nf6 52. Ke5 Nh5 53. Kf5 Nxg3+ 54. Kxg4 Ne4 55. Kf4 Nc5 56. Ke5 Kb7 57. Kd4 Kxa8 0-1

[Event "Titled Tuesday 2024.07.23 Late"]
[Site "chess.com INT"]
[Date "2024.07.23"]
[Round "3"]
[White "Zhang, Kendrick Botong"]
[Black "Le Quang Long"]
[Result "0-1"]
[WhiteElo "1978"]
[BlackElo "2380"]
[PlyCount "62"]
[GameId "2130307541138193"]
[EventDate "2024.07.23"]
[EventType "swiss (blitz)"]
[EventRounds "11"]
[EventCountry "NET"]
[SourceTitle "The Week in Chess 1551"]
[Source "Mark Crowther"]
[SourceDate "2024.07.29"]
[SourceVersion "1"]
[SourceVersionDate "2024.07.29"]
[SourceQuality "2"]

1. e4 c6 2. c4 d5 3. cxd5 cxd5 4. Bb5+ Bd7 5. Bxd7+ Qxd7 6. exd5 Nf6 7. Nc3 Nxd5 8. Nf3 Nc6 9. O-O e6 10. d4 Be7 11. Nxd5 Qxd5 12. Be3 O-O 13. Qe2 Rfd8 14. b3 Rac8 15. Rac1 Qa5 16. Rc4 Nb4 17. a4 Nd5 18. Rfc1 Rb8 19. Bd2 Qa6 20. Qd1 Bf6 21. Qc2 h6 22. Ne5 Bxe5 23. dxe5 b5 24. Rc6 Qb7 25. a5 b4 26. Qc5 Qb5 27. Be1 Qd3 28. Qc2 Nf4 29. Qxd3 Rxd3 30. g3 Ne2+ 31. Kf1 Nxc1 0-1

[Event "Titled Tuesday 2024.07.23 Late"]
[Site "chess.com INT"]
[Date "2024.07.23"]
[Round "4"]
[White "Le Quang Long"]
[Black "Jagirapu, Harshin Reddy"]
[Result "1-0"]
[WhiteElo "2380"]
[BlackElo "2040"]
[PlyCount "101"]
[GameId "2130307541138223"]
[EventDate "2024.07.23"]
[EventType "swiss (blitz)"]
[EventRounds "11"]
[EventCountry "NET"]
[SourceTitle "The Week in Chess 1551"]
[Source "Mark Crowther"]
[SourceDate "2024.07.29"]
[SourceVersion "1"]
[SourceVersionDate "2024.07.29"]
[SourceQuality "2"]

1. d4 Nf6 2. c4 e6 3. Nf3 d5 4. Nc3 c6 5. Bg5 h6 6. Bxf6 Qxf6 7. e3 Nd7 8. Be2 dxc4 9. a4 g6 10. O-O Bg7 11. Nd2 O-O 12. Nxc4 e5 13. d5 Nb6 14. Ne4 Qh4 15. Nxb6 axb6 16. Nd6 Qb4 17. dxc6 Rd8 18. cxb7 Bxb7 19. Nxb7 Rxd1 20. Rfxd1 Qxb2 21. Bb5 Rb8 22. Nd8 Qxa1 23. Rxa1 Rxd8 24. Rc1 Bf8 25. g4 Bc5 26. a5 Ra8 27. a6 Ra7 28. Rd1 Kg7 29. Rd8 f5 30. h3 Kf6 31. Kg2 h5 32. gxh5 gxh5 33. Rh8 Kg6 34. Be2 Kf6 35. Rxh5 Rg7+ 36. Kf1 b5 37. Bxb5 Ba7 38. Bd3 e4 39. Bb5 Rc7 40. Rh6+ Kg5 41. Re6 Kh4 42. Rh6+ Kg5 43. Rh8 Rc1+ 44. Kg2 Rc7 45. Kg3 Rg7 46. Rf8 Bc5 47. Rd8 Bb6 48. Rd5 Bc7+ 49. Kg2 Kf6+ 50. Kf1 Bb6 51. Rd6+ 1-0

[Event "Titled Tuesday 2024.07.23 Late"]
[Site "chess.com INT"]
[Date "2024.07.23"]
[Round "5"]
[White "Le Quang Long"]
[Black "Wu, Rochelle"]
[Result "0-1"]
[WhiteElo "2380"]
[BlackElo "2250"]
[PlyCount "74"]
[GameId "2130307541142376"]
[EventDate "2024.07.23"]
[EventType "swiss (blitz)"]
[EventRounds "11"]
[EventCountry "NET"]
[SourceTitle "The Week in Chess 1551"]
[Source "Mark Crowther"]
[SourceDate "2024.07.29"]
[SourceVersion "1"]
[SourceVersionDate "2024.07.29"]
[SourceQuality "2"]

1. d4 d5 2. c4 c6 3. Nf3 Nf6 4. Nc3 a6 5. e3 Bf5 6. Qb3 b5 7. cxd5 cxd5 8. a4 b4 9. Qxb4 Nc6 10. Qc5 Na5 11. Qa3 e6 12. Qa2 Qb6 13. Nd2 Rc8 14. Be2 Bb4 15. O-O O-O 16. Re1 Rc7 17. Bd1 Rfc8 18. Nf3 Ne4 19. Bd2 Nxd2 20. Nxd2 Bxc3 21. bxc3 Rxc3 22. Nf3 h6 23. h3 Qb4 24. Ne5 Rc1 25. Rf1 R1c3 26. Nd7 Bd3 27. Nc5 Bxf1 28. Kxf1 Qc4+ 29. Qe2 Rxc5 30. dxc5 Qxc5 31. Qxa6 Nc4 32. Qb5 Qd6 33. a5 Qh2 34. Ke2 Qxg2 35. Qb8+ Kh7 36. Qb1+ g6 37. Qb4 Rxe3# 0-1

[Event "Titled Tuesday 2024.07.23 Late"]
[Site "chess.com INT"]
[Date "2024.07.23"]
[Round "6"]
[White "Todev, Simeon"]
[Black "Le Quang Long"]
[Result "0-1"]
[WhiteElo "2138"]
[BlackElo "2380"]
[PlyCount "81"]
[GameId "2130307541142472"]
[EventDate "2024.07.23"]
[EventType "swiss (blitz)"]
[EventRounds "11"]
[EventCountry "NET"]
[SourceTitle "The Week in Chess 1551"]
[Source "Mark Crowther"]
[SourceDate "2024.07.29"]
[SourceVersion "1"]
[SourceVersionDate "2024.07.29"]
[SourceQuality "2"]

1. e4 c5 2. Nf3 Nc6 3. Bc4 g6 4. O-O Bg7 5. c3 e5 6. d4 cxd4 7. cxd4 exd4 8. Qb3 Nh6 9. Bxh6 Bxh6 10. Bxf7+ Kf8 11. Bd5 Qb6 12. Qa3+ Ke8 13. Qd6 Bg7 14. Na3 Qb4 15. Qf4 Rf8 16. Qh4 h6 17. Qg4 Ne7 18. Rac1 d6 19. Be6 h5 20. Qh3 Bxe6 21. Qxe6 Rf6 22. Qh3 Nc6 23. Ng5 Ke7 24. Nc4 Bh6 25. e5 dxe5 26. Ne4 Bxc1 27. Nxf6 Qxc4 28. Ne4 Bh6 29. Qh4+ Kd7 30. Qf6 Rd8 31. Qxg6 Bf8 32. Qxh5 Kc8 33. Qf5+ Kb8 34. b3 Qd5 35. Nf6 Qf7 36. Qf3 Bg7 37. Ne4 Qxf3 38. gxf3 Bh6 39. Rd1 Bf4 40. h4 Rh8 41. h5 0-1

[Event "Titled Tuesday 2024.07.23 Late"]
[Site "chess.com INT"]
[Date "2024.07.23"]
[Round "7"]
[White "Le Quang Long"]
[Black "Collins, Adam"]
[Result "0-1"]
[WhiteElo "2380"]
[BlackElo "2176"]
[PlyCount "82"]
[GameId "2130307541146595"]
[EventDate "2024.07.23"]
[EventType "swiss (blitz)"]
[EventRounds "11"]
[EventCountry "NET"]
[SourceTitle "The Week in Chess 1551"]
[Source "Mark Crowther"]
[SourceDate "2024.07.29"]
[SourceVersion "1"]
[SourceVersionDate "2024.07.29"]
[SourceQuality "2"]

1. Nf3 d5 2. g3 Nf6 3. Bg2 Bf5 4. c4 c6 5. O-O e6 6. Qb3 Qb6 7. d3 h6 8. Be3 Qxb3 9. axb3 a6 10. Nc3 Nbd7 11. Nd4 Bh7 12. cxd5 exd5 13. Nf3 Bd6 14. Bh3 O-O 15. Bf4 Bxf4 16. gxf4 Rfe8 17. b4 Nf8 18. Rfd1 Ne6 19. e3 Rad8 20. Na4 Nd7 21. Rac1 Ndf8 22. Nc5 Nxc5 23. bxc5 Re7 24. Rc3 Ne6 25. d4 Nc7 26. f5 Nb5 27. Rcc1 g6 28. Nh4 Kg7 29. Kf1 Kf6 30. Ke2 g5 31. Nf3 Bxf5 32. Bxf5 Kxf5 33. h3 f6 34. Rg1 h5 35. Kd2 Ke4 36. Rg3 h4 37. Rg4+ Kxf3 38. Rcg1 Rde8 39. R1g2 Re4 40. Ke1 Rxg4 41. Rxg4 Re4 0-1